00762nam a22002297a 450000500170000001000130001702000100003003500130004003700160005304000120006908200110008110000250009224500500011726000410016727000490020830000200025765000410027765000290031894200200034799900190036795201460038620170124110254.0 aA-310428 c00.00 aA-310428 bCen Lib/Ret aDPLbEN aNbAMR aAmrita Pritam929303 aThe skeleton and that man /cby Amrita Pritam bSterling Publishersc1987aNew Delhi aL-10 Green Park ExtensionbNew Delhie110016 a97p. c19cm(Hb) aEnglish -- History -- Fiction929304 aEnglish fiction 9104363 2ddccENhNmAMR c136093d136093 04104070aLbLd2015-11-16eCen Lib/Retl0oN AMRpA-310428r2015-11-16 00:00:00t1w2015-11-16yENzW/d List No. 6864/12 ; dtd 08/08/2020